|
|
|
|
| LEADER |
00740nab a2200205 i 4500 |
| 001 |
publ24789 |
| 005 |
20220729160839.0 |
| 008 |
220729s2020 hu o 0|| Angol d |
| 022 |
|
|
|a 0972-4524
|
| 024 |
7 |
|
|a 31820011
|2 mtmt
|
| 040 |
|
|
|a SZTE Publicatio Repozitórium
|b hun
|
| 041 |
|
|
|a Angol
|
| 100 |
1 |
|
|a Kotormán Márta
|
| 245 |
1 |
0 |
|a Investigation of the anti-amyloidogenic effect of black chokeberry juice
|h [elektronikus dokumentum] /
|c Kotormán Márta
|
| 260 |
|
|
|c 2020
|
| 300 |
|
|
|a 31-36
|
| 490 |
0 |
|
|a CURRENT TOPICS IN PEPTIDE AND PROTEIN RESEARCH
|v 21
|
| 650 |
|
4 |
|a Biokémia és molekuláris biológia
|
| 700 |
0 |
1 |
|a Szarvas Afrodité
|e aut
|
| 856 |
4 |
0 |
|u http://publicatio.bibl.u-szeged.hu/24789/1/2020KMSzAarticle_pdf.pdf
|z Dokumentum-elérés
|